[Event "Scaccomatto Open"]
[Site "Torino ITA"]
[Date "2008.12.02"]
[Round "2"]
[White "Foisor,C"]
[Black "Benitah,Y"]
[Result "1/2-1/2"]
[WhiteElo "2365"]
[BlackElo "2428"]

1.c4 c6 2.Nc3 d5 3.e3 Nf6 4.Nf3 a6 5.d4 e6 6.Qc2 Nbd7 7.Bd2 Bd6 8.g4 h6 9.Rg1 Qe7
10.O-O-O b5 11.c5 Bc7 12.h4 b4 13.Ne2 a5 14.Nf4 e5 15.g5 hxg5 16.hxg5 Ne4
17.Nd3 Nxd2 18.Nxd2 e4 19.Ne1 a4 20.f3 exf3 21.Nexf3 b3 22.axb3 axb3 23.Qxb3 O-O
24.Bd3 Re8 25.g6 Ra1+ 26.Kc2 Rxd1 27.Kxd1 Nf8 28.gxf7+ Qxf7 29.e4 Be6 30.e5 Ba5
31.Qa4 Bxd2 32.Nxd2 Bd7 33.Kc2 Qf4 34.Rf1 Qg4 35.Kc3 Rxe5 36.Nc4 Re8 37.Nb6 Re3
38.Qd1 Qh3 39.Re1 Rxe1  1/2-1/2

[Event "Snowdrops vs Old-hands"]
[Site "Marianske Lazne CZE"]
[Date "2008.12.03"]
[Round "5"]
[White "Olafsson,F"]
[Black "Ushenina,A"]
[Result "1/2-1/2"]
[WhiteElo "2440"]
[BlackElo "2496"]

1.c4 c6 2.Nf3 d5 3.e3 Nf6 4.d4 Bf5 5.Nc3 e6 6.Ne5 Nbd7 7.cxd5 exd5 8.g4 Be6
9.Nxd7 Qxd7 10.f3 Be7 11.Bd3 g6 12.Qe2 O-O-O 13.a3 g5 14.h3 h5 15.Qg2 hxg4
16.hxg4 c5 17.Bd2 Kb8 18.dxc5 Bxc5 19.O-O-O Qe7 20.Rxh8 Rxh8 21.Nb5 Rc8 22.Kb1 a6
23.Nd4 Nd7 24.Rc1 Ne5 25.Qh2 Bd6 26.Rxc8+ Bxc8 27.Qe2 Nxd3 28.Qxd3 Be5 29.Bc3 Qf6
30.Qe2 Qg6+ 31.Ka2 Qf6 32.Qd1 Bd7 33.Ka1 Qe7 34.Qb3 Qc5 35.Qd1 Qe7 36.Qb3 Qc5
37.Qd1 Qe7  1/2-1/2

[Event "Mediterranean Open"]
[Site "Rijeka CRO"]
[Date "2008.12.05"]
[Round "8"]
[White "Rukavina,J"]
[Black "Serrano Salvador,E"]
[Result "1/2-1/2"]
[WhiteElo "2429"]
[BlackElo "2328"]

1.c4 c6 2.Nf3 d5 3.e3 Nf6 4.Nc3 e6 5.Qc2 Nbd7 6.d4 Bd6 7.b3 O-O 8.Be2 b6
9.O-O Bb7 10.Bb2 Qe7 11.Rad1 Rfd8 12.e4 Nxe4 13.Nxe4 dxe4 14.Qxe4 Nf6 15.Qh4 c5
16.Ne5 cxd4 17.Bxd4 Bc5 18.Bxc5 Qxc5 19.Ng4 Qf5 20.Nxf6+ Qxf6 21.Qxf6 gxf6
22.f4 Kf8 23.Kf2 Ke7 24.g4 h6 25.Ke3 a5 26.a3 Rac8 27.h4 Rxd1 28.Rxd1 e5
29.Rf1 Rg8 30.Rd1 f5 31.Rg1 fxg4 32.Rxg4 Rxg4 33.Bxg4 Kd6 34.b4 axb4 35.axb4 Ba6
36.Be2 Ke6 37.Kf3 f5 38.Ke3 Kf6 39.Bd3 Ke6 40.Bf1 Kf6 41.Be2 Ke6 42.Bd3 Kf6
43.Be2 Ke6  1/2-1/2

[Event "TCh-BEL 2008-9"]
[Site "Belgium BEL"]
[Date "2008.12.07"]
[Round "5"]
[White "Cekro,E"]
[Black "Pergericht,D"]
[Result "1/2-1/2"]
[WhiteElo "2419"]
[BlackElo "2291"]

1.c4 c6 2.Nf3 d5 3.e3 e6 4.Nc3 Bd6 5.Qc2 Nf6 6.b3 O-O 7.d4 Nbd7 8.Bd3 e5
9.dxe5 Nxe5 10.Nxe5 Bxe5 11.Bb2 Re8 12.Rd1 Qa5 13.a3 dxc4 14.Bxc4 Bf5 15.Qc1 Ne4
16.b4 Qc7 17.Nxe4 Bxe4 18.Bxe5 Qxe5 19.O-O Rad8 20.f3 Bd5 21.Bxd5 Rxd5 22.Rxd5 cxd5
23.Rd1 Qxe3+ 24.Qxe3 Rxe3 25.Rxd5 Kf8 26.Rd8+ Ke7 27.Rb8 Rxa3 28.Rxb7+ Ke6  1/2-1/2

[Event "TCh-BEL 2008-9"]
[Site "Belgium BEL"]
[Date "2008.12.07"]
[Round "5"]
[White "Bauduin,E"]
[Black "Maenhout,T"]
[Result "0-1"]
[WhiteElo "2309"]
[BlackElo "2232"]

1.c4 c6 2.e4 d5 3.exd5 cxd5 4.cxd5 Nf6 5.Nc3 Nxd5 6.Nf3 Nc6 7.Bb5 e6 8.O-O Be7
9.d4 O-O 10.Re1 Bd7 11.a3 Rc8 12.Bd3 Bf6 13.Ne4 Be7 14.h4 h6 15.Ng3 Nf6 16.Bb1 Bd6
17.Ne5 Be8 18.Nf3 Bxg3 19.fxg3 Ne7 20.Ne5 Qb6 21.g4 Nfd5 22.Qd3 f5 23.Bd2 Bb5
24.Qg3 Qxd4+ 25.Be3 Nxe3  0-1

[Event "47th XtraCon TCh-DEN 2008-9"]
[Site "Denmark DEN"]
[Date "2008.12.07"]
[Round "3"]
[White "Riis,J"]
[Black "Pedersen,F"]
[Result "0-1"]
[WhiteElo "2163"]
[BlackElo "2286"]

1.c4 c6 2.Nc3 d5 3.cxd5 cxd5 4.d4 Nf6 5.Bf4 Nc6 6.e3 a6 7.Rc1 e6 8.Bd3 Be7
9.a3 O-O 10.h4 Kh8 11.g4 e5 12.dxe5 Nxg4 13.Nf3 d4 14.exd4 Nxd4 15.Be4 f5
16.Bd5 Ne6 17.Bxe6 Qb6 18.Qd2 Bxe6 19.Be3 Nxe3 20.fxe3 Rad8 21.Nd4 f4 22.Nce2 Bd5  0-1

[Event "III Open"]
[Site "Palma de Mallorca ESP"]
[Date "2008.12.08"]
[Round "3"]
[White "Andres Gonzalez,A"]
[Black "Asis Gargatagli,H"]
[Result "1/2-1/2"]
[WhiteElo "2465"]
[BlackElo "2408"]

1.c4 c6 2.d4 d5 3.Nf3 Nf6 4.Qc2 dxc4 5.Qxc4 Bf5 6.Nc3 e6 7.g3 Nbd7 8.Bg2 Be7
9.O-O O-O 10.Bg5 h6 11.Bxf6 Nxf6 12.e3 Qb6 13.Qe2 Rfd8 14.Rfc1 Nd7 15.Ne1 Rab8
16.Rd1 e5 17.e4 Bg6 18.d5 Nf6 19.Nd3 Bh5 20.Bf3 Bxf3 21.Qxf3 cxd5 22.exd5 e4  1/2-1/2

[Event "XVIII Magistral"]
[Site "Elgoibar ESP"]
[Date "2008.12.13"]
[Round "2"]
[White "Paunovic,D"]
[Black "Mirzoev,A"]
[Result "1/2-1/2"]
[WhiteElo "2532"]
[BlackElo "2567"]

1.c4 c6 2.e4 d5 3.exd5 cxd5 4.cxd5 Nf6 5.Nc3 Nxd5 6.Nf3 e6 7.d4 Nc6 8.Bd3 Be7
9.O-O O-O 10.Re1 Nf6 11.a3 b6 12.Ne5 Bb7 13.Ba6 Qc8 14.Bxb7 Qxb7 15.Nxc6 Qxc6
16.d5 Qc4 17.dxe6 fxe6 18.Qe2 Qxe2 19.Rxe2 Bc5 20.Be3 Bxe3 21.Rxe3 Nd5 22.Rxe6 Nxc3
23.bxc3 Rac8 24.Re3 Rf4 25.Kf1 Rfc4 26.Rc1 Ra4 27.Ra1 Rac4 28.Rc1 Ra4  1/2-1/2

[Event "Masters"]
[Site "Berkeley USA"]
[Date "2008.12.14"]
[Round "1"]
[White "Izoria,Z"]
[Black "Pruess,D"]
[Result "1/2-1/2"]
[WhiteElo "2610"]
[BlackElo "2422"]

1.c4 c6 2.e4 d5 3.exd5 cxd5 4.d4 Nf6 5.Nc3 g6 6.cxd5 Bg7 7.Bb5+ Nbd7 8.d6 e6
9.Nf3 O-O 10.O-O a6 11.Bxd7 Bxd7 12.Ne5 Bb5 13.Nxb5 axb5 14.Bf4 Nh5 15.Be3 Qxd6
16.Qf3 Bxe5 17.dxe5 Qxe5 18.g4 Nf6 19.Rfe1 Rfc8 20.Bh6 Qxb2 21.Rad1 Nd5 22.Rxd5 exd5
23.Re7 Rf8 24.Bxf8 Rxf8 25.Qxd5 Qc1+ 26.Kg2 Qc6 27.Qf3 Qxf3+  1/2-1/2

[Event "Bundesliga 2008-9"]
[Site "Eppingen GER"]
[Date "2008.12.14"]
[Round "9"]
[White "Gauglitz,G"]
[Black "Braun,A"]
[Result "1-0"]
[WhiteElo "2397"]
[BlackElo "2567"]

1.c4 c6 2.d4 d5 3.cxd5 cxd5 4.Nc3 Nf6 5.Bf4 Nc6 6.e3 a6 7.Bd3 Bg4 8.Nge2 e6
9.O-O Bxe2 10.Qxe2 Bd6 11.Bxd6 Qxd6 12.Rac1 O-O 13.a3 Rfc8 14.Na4 Nd7 15.Rc2 g6
16.Rfc1 Qf8 17.Nc5 Nxc5 18.Rxc5 Qd8 19.Qd2 Qb6 20.b4 Rd8 21.h4 h5 22.g3 Rd7
23.Bc2 Ne7 24.Ba4 Rdd8 25.Rc7 Nf5 26.Qc3 Nd6 27.Qc5 Qa7 28.Bd7 Nf5 29.a4 Qb8
30.Qb6 Nxg3 31.Rc8 Ne2+ 32.Kf1 Nxc1 33.Qxd8+  1-0

[Event "Open A"]
[Site "Groningen NED"]
[Date "2008.12.21"]
[Round "1"]
[White "Ernst,S"]
[Black "Van Kampen,R"]
[Result "1/2-1/2"]
[WhiteElo "2576"]
[BlackElo "2307"]

1.c4 c6 2.Nf3 d5 3.d4 Nf6 4.e3 e6 5.Bd3 Nbd7 6.O-O Bd6 7.Nc3 dxc4 8.Bxc4 b5
9.Bd3 Bb7 10.e4 e5 11.dxe5 Nxe5 12.Nxe5 Bxe5 13.f4 Bxc3 14.bxc3 Qb6+ 15.Kh1 O-O
16.e5 Nd5 17.Qh5 g6 18.Qh3 Rfe8 19.f5 Rxe5 20.Qh6 c5 21.c4 bxc4 22.fxg6 hxg6
23.Rb1 Qc6 24.Bxc4 Rh5 25.Qd2 Qc7 26.h3 Rxh3+ 27.gxh3 Ne3+ 28.Rxb7 Qxb7+
29.Kg1 Nxc4 30.Qe2 Nb6 31.Bb2 Qc7 32.Qf3 Rd8 33.Qf6 Qg3+ 34.Kh1 Qxh3+ 35.Kg1 Qg3+
36.Kh1 Qh3+  1/2-1/2

[Event "Masters"]
[Site "Berkeley USA"]
[Date "2008.12.23"]
[Round "10"]
[White "Kacheishvili,G"]
[Black "Bhat,V"]
[Result "1/2-1/2"]
[WhiteElo "2572"]
[BlackElo "2498"]

1.c4 c6 2.e4 d5 3.cxd5 cxd5 4.exd5 Nf6 5.Qa4+ Nbd7 6.Nc3 g6 7.Bc4 Bg7 8.d3 O-O
9.Nf3 a6 10.Qa3 b6 11.O-O Bb7 12.Bf4 Rc8 13.d6 e6 14.Nd2 b5 15.Bb3 Nc5 16.Nce4 Nfxe4
17.Nxe4 Nxd3 18.Bg5 Qd7 19.Bc2 Rxc2 20.Qxd3 Bxe4 21.Qxe4 Rc4 22.Qd3 Rd4 23.Qe2 Rxd6
24.Rac1 Rc8 25.h4 Rd4 26.g3 Rdc4 27.Rfd1 Rxc1 28.Bxc1 Qc7 29.b3 h5 30.Bf4 Qc2
31.Rd8+ Kh7 32.Qxc2 Rxc2 33.Rd7 Kg8 34.Rd8+ Kh7 35.Rd7 Kg8 36.Rd8+ Kh7 37.Rd7  1/2-1/2

[Event "Open A"]
[Site "Groningen NED"]
[Date "2008.12.23"]
[Round "3"]
[White "Vinke,A"]
[Black "Mellema,A"]
[Result "1/2-1/2"]
[WhiteElo "2207"]
[BlackElo "2097"]

1.c4 c6 2.Nf3 Nf6 3.Nc3 d5 4.cxd5 cxd5 5.d4 Nc6 6.Bf4 Bf5 7.e3 e6 8.Qb3 Bb4
9.Bb5 O-O 10.O-O Bxc3 11.bxc3 Rc8  1/2-1/2

[Event "Open A"]
[Site "Groningen NED"]
[Date "2008.12.24"]
[Round "4"]
[White "Rotstein,A"]
[Black "Sundararajan,K"]
[Result "1-0"]
[WhiteElo "2496"]
[BlackElo "2501"]

1.c4 c6 2.d4 d5 3.Nf3 Nf6 4.Qc2 dxc4 5.Qxc4 Bf5 6.g3 e6 7.Bg2 Be7 8.O-O O-O
9.Nc3 Nbd7 10.Re1 Ne4 11.Qb3 Qb6 12.Nh4 Qxb3 13.axb3 Bb4 14.Ra4 Bxc3 15.bxc3 Nxc3
16.Rc4 Nb5 17.Nxf5 exf5 18.d5 cxd5 19.Bxd5 Nb6 20.Bxb7 Nxc4 21.Bxa8 Na5 22.Bd5 Nc3
23.Bd2 Nxd5 24.Bxa5 Rb8 25.Rc1 f6 26.Rc5 Ne7 27.b4 Rb7 28.Kg2 Kf7 29.Kf3 Ke6
30.e4 Rd7 31.Ke3 fxe4 32.Kxe4 Rd2 33.Kf3 Rd3+ 34.Ke2 Rd5 35.Rc7 Rd7 36.Rc4 Rd6
37.h4 Rc6 38.Re4+ Kd7 39.Kd3 Re6 40.Rxe6 Kxe6 41.Kc4 Kd7 42.b5 Nc8 43.Bd2 h5
44.Bf4 Nd6+ 45.Kb4 Ke6 46.Be3 Kd5 47.Bxa7 g5 48.Bb8 Nf5 49.g4 hxg4 50.h5 Nh6
51.Ka5 f5 52.b6 Nf7 53.Ka6 Ke6 54.Bc7  1-0

[Event "1st Asian Clubs"]
[Site "Al Ain UAE"]
[Date "2008.12.26"]
[Round "2"]
[White "Adhami,H"]
[Black "Tamra,A"]
[Result "1-0"]
[WhiteElo "2020"]
[BlackElo "2092"]

1.c4 c6 2.Qa4 Nf6 3.Nc3 g6 4.e4 d6 5.Nf3 Bg7 6.Be2 O-O 7.d4 Nbd7 8.O-O e5
9.Rd1 Qc7 10.Qc2 Re8 11.b3 a6 12.a4 b6 13.Ba3 c5 14.dxe5 dxe5 15.a5 bxa5
16.Nd5 Qa7 17.Bb2 Rb8 18.Rxa5 Nxd5 19.cxd5 Qb6 20.Ra3 Qb4 21.Rda1 Nf8 22.Bc3 Qb6
23.Ba5 Qd6 24.Nd2 f5 25.Nc4 Qf6 26.Bc7 Rb7 27.Nd6 Re7 28.Nxc8 Rexc7 29.Rxa6 Qd8
30.Nd6 Rb4 31.R1a3 fxe4 32.Bc4 e3 33.Ne4 exf2+ 34.Qxf2 Rcb7 35.g3 Nd7 36.Nd6 e4
37.Qf7+ Kh8 38.Nxb7 Rxb7 39.Ra8 Rb8 40.R8a7 Qg5 41.Qf4 Bd4+ 42.Kg2  1-0

[Event "1st Asian Clubs"]
[Site "Al Ain UAE"]
[Date "2008.12.27"]
[Round "3"]
[White "Noroozi,O"]
[Black "Abdul Moula,S"]
[Result "1-0"]
[WhiteElo "2314"]
[BlackElo "2163"]

1.c4 c6 2.Nf3 d5 3.e3 Nf6 4.Nc3 a6 5.Qc2 e6 6.d4 b5 7.b3 Bb7 8.Bd3 Nbd7 9.Bb2 Be7
10.O-O Rc8 11.c5 O-O 12.b4 Qc7 13.Ne2 h6 14.Ne5 Nxe5 15.dxe5 Ng4 16.Qc3 f6
17.Nf4 d4 18.Qb3 fxe5 19.Nxe6 Qd7 20.Nxf8+ Kxf8 21.exd4 exd4 22.h3 Ne5 23.Rae1 Bf6
24.Re4 Rd8 25.Rfe1 Qd5 26.Qxd5 Rxd5 27.Bb1 Nc4 28.Re8+ Kf7 29.Rb8 Nxb2 30.Rxb7+ Kf8
31.Bg6 Rd8 32.Rd7 Rb8 33.Re6 Nc4 34.f4 Rc8 35.Rc7 Rd8 36.Rd7 Rc8 37.Be4 a5
38.Rxc6 Rxc6 39.Bxc6 Na3 40.bxa5 Be7 41.Rd5 d3 42.a6 d2 43.Rxd2 Bxc5+ 44.Kf1  1-0

[Event "World Open"]
[Site "Leon ESP"]
[Date "2008.12.27"]
[Round "4"]
[White "Suba,M"]
[Black "Bareev,E"]
[Result "0-1"]
[WhiteElo "2531"]
[BlackElo "2647"]

1.c4 c6 2.e4 d5 3.cxd5 cxd5 4.exd5 Nf6 5.Nc3 Nxd5 6.Nf3 e6 7.Bc4 Nb6 8.Bb3 N8d7
9.d4 Nf6 10.O-O Be7 11.Qe2 O-O 12.Rd1 Nbd5 13.Ne5 Qd6 14.Rd3 Bd7 15.Rh3 Rfd8
16.Bc2 g6 17.Bg5 Be8 18.Rd1 Rac8 19.Bb3 a5 20.Bxd5 Nxd5 21.Ne4 Qc7 22.Qf3 f5
23.Bxe7 Qxe7 24.Nc5  0-1

[Event "1st Asian Clubs"]
[Site "Al Ain UAE"]
[Date "2008.12.28"]
[Round "4"]
[White "Jobava,Ba"]
[Black "Paragua,M"]
[Result "1-0"]
[WhiteElo "2664"]
[BlackElo "2526"]

1.c4 c6 2.e4 d5 3.cxd5 cxd5 4.exd5 Nf6 5.Qa4+ Nbd7 6.Nc3 g6 7.Nf3 Bg7 8.Bc4 O-O
9.d3 a6 10.Qa3 b6 11.O-O Bb7 12.Re1 b5 13.Bb3 Re8 14.Be3 Nb6 15.d6 exd6 16.Ng5 Rf8
17.Bxf7+ Rxf7 18.Qb3 d5 19.Nxf7 Kxf7 20.a4 Kg8 21.axb5 a5 22.Bd4 Ng4 23.Bxg7 Kxg7
24.h3 Nh6 25.Ne2 Nf5 26.Rxa5 Rxa5 27.Qc3+ d4 28.Qxa5 Bxg2 29.Kxg2 Qd5+ 30.Kg1 Nh4
31.Nf4 Nf3+ 32.Kh1 Qf5 33.Qa7+ Kh6 34.Re7 Ng5 35.h4 Qxf4 36.hxg5+ Kxg5 37.Qxb6  1-0

[Event "1st Asian Clubs"]
[Site "Al Ain UAE"]
[Date "2008.12.28"]
[Round "4"]
[White "Elbaba,E"]
[Black "Jawad,M"]
[Result "1-0"]
[WhiteElo "2186"]
[BlackElo "1857"]

1.c4 c6 2.Nf3 d5 3.g3 Nf6 4.Bg2 e6 5.b3 Be7 6.Bb2 Nbd7 7.d3 O-O 8.Nbd2 Qc7
9.Rc1 Qa5 10.Qc2 Ba3 11.O-O Bxb2 12.Qxb2 dxc4 13.Nxc4 Qd8 14.Rfe1 Nb6 15.Nce5 Nfd7
16.d4 Nxe5 17.Nxe5 Nd7 18.Nd3 Qf6 19.e4 Re8 20.e5 Qe7 21.b4 a6 22.a4 Nb6
23.Nc5 Nd5 24.Re4 b6 25.Nd3 Bb7 26.a5 Ra7 27.Rh4 b5 28.Be4 h6 29.Nc5 Ba8
30.Bb1 f5 31.exf6 Qxf6 32.Re1 Rf7 33.Rhe4 g5 34.Rxe6 Rxe6 35.Rxe6 Qf3 36.Qc2  1-0

[Event "18th North American Open"]
[Site "Las Vegas USA"]
[Date "2008.12.28"]
[Round "4"]
[White "Lee,Micha"]
[Black "Becerra Rivero,J"]
[Result "1-0"]
[WhiteElo "2305"]
[BlackElo "2602"]

1.c4 c6 2.e4 e5 3.Nc3 d6 4.g3 g6 5.Bg2 Bg7 6.Nge2 Be6 7.d3 Ne7 8.O-O O-O
9.Be3 f5 10.Qd2 Qd7 11.Rad1 Na6 12.f4 Rf7 13.b3 c5 14.Nd5 Nc6 15.a3 Nd4 16.Rb1 Re8
17.Nec3 b6 18.b4 Nb8 19.b5 Qd8 20.a4 Nd7 21.Kh1 Nf6 22.Nxf6+ Bxf6 23.Nd5 Bg7
24.Rbe1 Ref8 25.Rf2 Qd7 26.Bxd4 cxd4 27.exf5 gxf5 28.Qa2 Qd8 29.Nb4 Kh8 30.Nc6 Qc7
31.Rfe2 Bd7 32.Nb4 Bc8 33.Bd5 Bb7 34.Bxb7 Qxb7+ 35.Nd5 Re8 36.Qa3 Qd7 37.a5 bxa5
38.Qxa5 h6 39.Qa6 e4 40.Qc6 Rc8 41.Qxd7 Rxd7 42.dxe4 fxe4 43.Rxe4 Rxc4 44.Re8+ Kh7
45.f5 Rc5 46.f6 Rxd5 47.R8e7 Rd8 48.Rxg7+ Kh8 49.Ree7 Rg5 50.Rh7+ Kg8 51.f7+ Kf8
52.Rxa7  1-0

[Event "Masters"]
[Site "Hastings ENG"]
[Date "2008.12.29"]
[Round "2"]
[White "Kjartansson,G"]
[Black "Hagesaether,A"]
[Result "1-0"]
[WhiteElo "2284"]
[BlackElo "2181"]

1.c4 c6 2.d4 d5 3.Nc3 Nf6 4.Nf3 a6 5.c5 Nbd7 6.h3 Qc7 7.Bg5 b6 8.cxb6 Qxb6
9.Qc2 e6 10.Rc1 Bb7 11.a3 Ne4 12.Nxe4 dxe4 13.Nd2 c5 14.Nc4 Qa7 15.Ne5 Nxe5
16.dxe5 Qb6 17.g3 h6 18.Be3 Qa5+ 19.Bd2 Qc7 20.Bg2 Be7 21.Bxe4 O-O 22.Bxb7 Qxb7
23.O-O Rab8 24.Bc3 Rfd8 25.f4 c4 26.Kh2 Bc5 27.Rcd1 Ba7 28.e4 Qb6 29.Qe2 Rbc8
30.f5 Qc6 31.h4 Bb8 32.Qf3 Rxd1 33.Rxd1 exf5 34.Qxf5 g6 35.Qf6 Qxf6 36.exf6 Kf8
37.Rd7 h5 38.Kg2 Ke8 39.Re7+ Kf8 40.Bb4 Kg8 41.e5 Rd8 42.Kf3 Kf8 43.e6 fxe6
44.Rd7+ Ke8 45.Rxd8+  1-0

[Event "Masters"]
[Site "Hastings ENG"]
[Date "2008.12.29"]
[Round "2"]
[White "Lock,G"]
[Black "Almond,R"]
[Result "1-0"]
[WhiteElo "2252"]
[BlackElo "2138"]

1.c4 c6 2.Nf3 d5 3.d4 Nf6 4.Nc3 e6 5.Bg5 Nbd7 6.e3 Bd6 7.Bd3 dxc4 8.Bxc4 O-O
9.O-O b5 10.Bd3 a6 11.a4 Bb7 12.Qe2 Qb8 13.Rfc1 Rc8 14.e4 e5 15.dxe5 Bxe5
16.Nxe5 Qxe5 17.f4 Qd4+ 18.Kh1 Re8 19.Rd1 Qb6 20.e5 b4 21.Ne4 Nxe4 22.Qxe4 Nf8
23.Bc4 Qc7 24.Qf5 Bc8 25.Qc2 Be6 26.Rd6 Qb7 27.Re1 Rac8 28.f5 Bxc4 29.Qxc4 a5
30.h3 c5 31.e6 fxe6 32.fxe6 Kh8 33.e7 Nd7 34.Qe6 Nb8 35.Rd8 Qc6 36.Qxc8  1-0

[Event "Czech Christmas"]
[Site "Litomysl CZE"]
[Date "2008.12.29"]
[Round "5"]
[White "Heberla,B"]
[Black "Krondraf,K"]
[Result "1-0"]
[WhiteElo "2485"]
[BlackElo "2214"]

1.c4 c6 2.Nf3 Nf6 3.Nc3 d5 4.e3 e6 5.b3 Be7 6.Bb2 O-O 7.Qc2 a6 8.Rg1 b5 9.g4 b4
10.Na4 Nbd7 11.g5 Nh5 12.Be2 g6 13.Nd4 Ng7 14.Nxc6 Qe8 15.Nxe7+ Qxe7 16.cxd5 exd5
17.Qc6 Rb8 18.Qxd5 Ne6 19.Qe4 Bb7 20.Qh4 Qd6 21.Rg3 Rfd8 22.Qxh7+  1-0

[Event "5th Open"]
[Site "Vandoeuvre les Nancy FRA"]
[Date "2008.12.29"]
[Round "8"]
[White "Bauer,Ch"]
[Black "Abergel,T"]
[Result "1/2-1/2"]
[WhiteElo "2592"]
[BlackElo "2509"]

1.c4 c6 2.e4 d5 3.exd5 cxd5 4.cxd5 Nf6 5.Nc3 Nxd5 6.Nf3 Nc6 7.Bb5 Nxc3 8.bxc3 Qd5
9.Qe2 Bg4 10.Bc4 Qf5 11.Bd3 Qd7 12.Rb1 Bxf3 13.gxf3 g6 14.Be4 Bh6 15.Qb5 f5
16.Bxc6 bxc6 17.Qc4 Qd5 18.Qxd5 cxd5 19.Rb7 Kf7 20.Ba3 Rhb8 21.Rxb8 Rxb8
22.Ke2 Rb6 23.Bb4 Bf4 24.h3 a5 25.Bxa5 Ra6 26.Bb4 Rxa2 27.Rd1 g5 28.Bc5 Ra6
29.Kf1 Bd6 30.Bxd6 Rxd6 31.Ra1 Rb6 32.Ra5 e6 33.Kg2 Kf6 34.Rc5 Rb2 35.d4 f4
36.Rc7 h6 37.Kf1 Rb1+ 38.Kg2 Rb2 39.Kf1 Rc2 40.Kg2 Kf5 41.Rf7+ Kg6 42.Re7 Kf6
43.Rc7 Ra2 44.Rh7 Kg6 45.Re7  1/2-1/2

[Event "Masters"]
[Site "Hastings ENG"]
[Date "2008.12.30"]
[Round "3"]
[White "Rojas Alarcon,J"]
[Black "Houska,Jo"]
[Result "1/2-1/2"]
[WhiteElo "2187"]
[BlackElo "2399"]

1.c4 c6 2.Nf3 d5 3.e3 Nf6 4.Nc3 a6 5.b3 Bf5 6.Bb2 e6 7.Be2 h6 8.O-O Nbd7
9.d4 Bd6 10.h3 g5 11.cxd5 cxd5 12.Re1 Rg8 13.Rc1 h5 14.Kf1 g4 15.hxg4 hxg4
16.Nh4 Rh8 17.g3 Rxh4 18.gxh4 g3 19.Kg2 gxf2 20.Rh1 Ne4 21.Nxe4 Bxe4+ 22.Bf3 Qf6
23.Bxe4 Qg7+ 24.Kxf2 Qg3+ 25.Ke2 dxe4 26.Qf1 Ke7 27.Qh3 Qg6 28.h5 Qh6 29.Qh4+ Nf6
30.Bc3 Rg8 31.Rcg1 Rc8 32.Rc1 Kd7 33.Bd2 Rg8 34.Rcg1 Rxg1 35.Rxg1 Qxh5+ 36.Qxh5 Nxh5
37.Be1 Be7 38.Rh1 Nf6 39.Rh4 Nd5 40.Rh8 f5 41.Bd2 Kc6 42.a4 Kd7 43.Rg8 Kc6
44.Ra8 Kd7 45.Rh8 Kc6 46.Rh1 Kd7 47.Rh8 Kc6 48.Rh1 Kd7 49.Rc1 Ba3 50.Rc2 Be7
51.Rc4 Nb6 52.Rc2 Nd5 53.a5 Bd6  1/2-1/2

[Event "38th Rilton Cup 2008-9"]
[Site "Stockholm SWE"]
[Date "2008.12.30"]
[Round "4"]
[White "Engqvist,T"]
[Black "Vaarala,E"]
[Result "1-0"]
[WhiteElo "2363"]
[BlackElo "1880"]

1.c4 c6 2.Nf3 Nf6 3.Nc3 d5 4.e3 g6 5.d4 Bg7 6.Be2 O-O 7.O-O Bf5 8.cxd5 cxd5
9.Qb3 b6 10.Ne5 Ne4 11.Nxe4 Bxe4 12.Bd2 Bxe5 13.dxe5 Nd7 14.Bc3 Nc5 15.Qd1 Bf5
16.f3 Bc8 17.Qd4 Bb7 18.b4 Ne6 19.Qh4 Rc8 20.Rac1 Ng7 21.Bd3 e6 22.Qxd8 Rfxd8
23.g4 Rc7 24.Bd4 Rdc8 25.Rxc7 Rxc7 26.Kf2 Ne8 27.a4 Bc6 28.Ra1 Rb7 29.a5 Nc7
30.a6 Rb8 31.Rc1 Bb5 32.Rxc7 Bxd3 33.Rxa7 Kg7 34.Rb7 Ra8 35.a7 Ba6 36.Rc7 b5
37.g5 Kf8 38.Bc5+ Kg7 39.Ke2 Kg8 40.Kd3 Kg7 41.Kd4 Kg8 42.f4 Kg7 43.h4 Kg8
44.Bd6  1-0

[Event "Masters"]
[Site "Hastings ENG"]
[Date "2008.12.31"]
[Round "4"]
[White "Summerscale,A"]
[Black "Anderson,J"]
[Result "1/2-1/2"]
[WhiteElo "2467"]
[BlackElo "2213"]

1.c4 c6 2.e4 d5 3.exd5 cxd5 4.d4 Nf6 5.Nc3 Nc6 6.Nf3 g6 7.cxd5 Nxd5 8.Bc4 Nb6
9.Bb5 Bg7 10.O-O O-O 11.Re1 Bg4 12.Bg5 Bxf3 13.Qxf3 Nxd4 14.Qxb7 Nxb5 15.Nxb5 Qd5
16.Qxd5 Nxd5 17.Rad1 e6 18.b3  1/2-1/2

[Event "Aker CC Rapid"]
[Site "Gjovik NOR"]
[Date "2009.01.03"]
[Round "4"]
[White "Lie,K"]
[Black "Carlsen,M"]
[Result "0-1"]
[WhiteElo "2539"]
[BlackElo "2776"]

1.c4 c6 2.g3 d5 3.Bg2 Nf6 4.Nf3 Bg4 5.Ne5 Be6 6.cxd5 Bxd5 7.Nf3 c5 8.Nc3 Bc6
9.O-O e6 10.d3 Be7 11.a3 O-O 12.Qc2 Nbd7 13.Rd1 b5 14.b3 Qb6 15.Bb2 Rac8
16.Rac1 Rfd8 17.Qb1 c4 18.dxc4 bxc4 19.bxc4 Bc5 20.Rf1 Ng4 21.e3 Ndf6 22.Qc2 Bxe3
23.Rcd1 Nxf2 24.Rxf2 Ng4 25.Rf1 Nxf2 26.Rxf2 Bxf3 27.Bxf3 Rd2 28.c5 Bxf2+  0-1

[Event "38th Rilton Cup 2008-9"]
[Site "Stockholm SWE"]
[Date "2009.01.03"]
[Round "7"]
[White "Bellon Lopez,JuM"]
[Black "Engqvist,T"]
[Result "1-0"]
[WhiteElo "2440"]
[BlackElo "2363"]

1.c4 c6 2.Qa4 e5 3.Nc3 Nf6 4.Nf3 d6 5.e3 Nbd7 6.d4 e4 7.Nd2 d5 8.Qb3 Nb6
9.cxd5 cxd5 10.a4 Qd6 11.a5 Nbd7 12.Be2 Qe6 13.Nb5 Kd8 14.f4 h5 15.Nb1 Nb8
16.Bd2 Nc6 17.N5c3 Nb4 18.Nd1 Nc6 19.Nbc3 Bd6 20.Nb5 Bb8 21.Qa3 a6 22.Nbc3 Bd6
23.Qb3 Bc7 24.Nb1 Ne8 25.Qa2 Bd6 26.Nbc3 Nf6 27.Na4 Rb8 28.Rc1 Bd7 29.Nc5 Bxc5
30.Rxc5 Na7 31.Qb3 Nc8 32.O-O Ne7 33.Bb4 Bc6 34.Be1 Ke8 35.Rc2 Nd7 36.Nc3 f6
37.Na4 Kf7 38.Nc5 Nxc5 39.Rxc5 Nf5 40.Qa3 g6 41.Bb4 Rbc8 42.Rfc1 Kg7 43.Bd2 Kh6
44.Qb3 Ra8 45.Qb6 Ne7 46.Kf2 Qd7 47.Qb4 Qe6 48.Qa3 Nc8 49.Bb4 Na7 50.Qa2 Rhc8
51.h3 Rd8 52.R5c2 Bb5 53.Rc7 Rd7 54.Rxd7 Qxd7 55.Rc5 Rd8 56.Bd1 Nc6 57.Bd2 Ne7
58.Qb3 Rc8 59.Qc3 Bc4 60.Rxc8 Qxc8 61.Qb4 Qc7 62.Ba4 Kg7 63.Qa3 h4 64.Bb4 Nc6
65.Bxc6 bxc6 66.Bf8+ Kf7 67.Qc5 Ke6 68.Qb6 Qc8 69.Bb4 Bb5 70.Qa7 Qd7 71.Qb8 Kf5
72.Qf8 Bd3 73.Be7 Qe6 74.Bd8 Bb5 75.Qh8 Qf7 76.Qxh4 Ke6 77.Qh8 f5 78.Bb6 Qd7
79.Bc5 Qf7 80.Qb8 Qd7 81.g4 fxg4 82.hxg4 Kf6 83.Qh8+ Qg7 84.Qe8 g5 85.f5  1-0

[Event "TCh-ISR 2008-9"]
[Site "Israel ISR"]
[Date "2009.01.09"]
[Round "5"]
[White "Alterman,B"]
[Black "Abergel,T"]
[Result "1-0"]
[WhiteElo "2572"]
[BlackElo "2509"]

1.c4 c6 2.e4 d5 3.exd5 cxd5 4.d4 Nf6 5.Nc3 Nc6 6.Bg5 e6 7.cxd5 exd5 8.Bb5 Be7
9.Nge2 O-O 10.O-O Ne4 11.Bxc6 bxc6 12.Bxe7 Qxe7 13.Re1 Rb8 14.b3 Nxc3 15.Nxc3 Qf6
16.Qd2 Bd7 17.Na4 Rbe8 18.Nc5 Bc8 19.Re3 Rxe3 20.Qxe3 Be6 21.Re1 h6 22.f3 h5
23.Qe5 Qh6 24.h4 Bc8 25.Qg5 Qh7 26.Kh2 Qc2 27.Kg3 Qxa2 28.Qxh5 Qd2 29.Qe5 Bf5
30.Ra1 a5 31.Qxf5  1-0

[Event "Australian Open"]
[Site "Manly Sydney AUS"]
[Date "2009.01.09"]
[Round "9"]
[White "Morris,J"]
[Black "Smirnov,Vl1"]
[Result "0-1"]
[WhiteElo "2089"]
[BlackElo "2372"]

1.c4 c6 2.Nf3 d5 3.b3 Nf6 4.Bb2 Bf5 5.g3 e6 6.Bg2 Be7 7.d3 O-O 8.O-O h6 9.Nbd2 Nbd7
10.Nd4 Bg4 11.h3 Bh5 12.g4 Bg6 13.e4 Nc5 14.Qe2 e5 15.Nf5 d4 16.f4 Bxf5 17.gxf5 Nfd7
18.Nf3 Bf6 19.Rad1 a5 20.Qf2 Re8 21.Kh1 b6 22.Rg1 exf4 23.Bxd4 Bxd4 24.Qxd4 Ne5
25.Qxd8 Raxd8 26.Nxe5 Rxe5 27.d4 Nxe4 28.dxe5 Nf2+ 29.Kh2 Rxd1 30.Rxd1 Nxd1
31.Bxc6 Kf8 32.f6 Nf2 33.Bd5 Nd3 34.a3 g5 35.e6 fxe6 36.Bxe6 Nc5 37.Bd5 Nxb3
38.Kg2 Nc5 39.Kf3 Nd7  0-1

[Event "Open A"]
[Site "Prague CZE"]
[Date "2009.01.09"]
[Round "1"]
[White "Simutowe,A"]
[Black "Wimmer,Mi"]
[Result "1-0"]
[WhiteElo "2485"]
[BlackElo "2088"]

1.c4 c6 2.d4 d5 3.Nc3 dxc4 4.a4 e5 5.dxe5 Qxd1+ 6.Kxd1 Be6 7.Nf3 Na6 8.Ng5 Rd8+
9.Kc2 Nb4+ 10.Kb1 Bc5 11.Nxe6 fxe6 12.e3 Nd3 13.Bxd3 Rxd3 14.Ne4 Bb4 15.Kc2 Nh6
16.Bd2 Be7 17.h3 O-O 18.a5 Nf5 19.Ra4 Rd5 20.f4 Rfd8 21.Bc1 Bh4 22.Rxc4 Rxa5
23.Nc5 Ra1 24.Rc3 Bf2 25.g4 Ng3 26.Rd1 Rxc1+ 27.Rxc1 Ne2 28.Nxe6 Re8 29.f5 Nxc3
30.Kxc3 Bxe3 31.Rd1 Kf7 32.Rd3 Bb6 33.Rd7+ Re7 34.Rxe7+ Kxe7 35.Nxg7 Bc7
36.Kd4 b5 37.g5 Bb6+ 38.Ke4 a5 39.f6+ Kf8 40.Ne6+ Kf7 41.Nd4 Bxd4 42.Kxd4 a4
43.Kc5 Ke6 44.h4  1-0

[Event "Open A"]
[Site "Prague CZE"]
[Date "2009.01.09"]
[Round "1"]
[White "Fairbairn,S"]
[Black "Meduna,E1"]
[Result "0-1"]
[WhiteElo "2068"]
[BlackElo "2461"]

1.c4 c6 2.g3 d5 3.Bg2 Nf6 4.Nf3 Bg4 5.Ne5 Bh5 6.b3 e6 7.Bb2 Be7 8.O-O O-O
9.d3 a5 10.a3 Nbd7 11.cxd5 Nxe5 12.Bxe5 exd5 13.Nd2 Re8 14.Bb2 Nd7 15.Nf3 Bf6
16.Bxf6 Qxf6 17.Qc2 Re7 18.Rfe1 Rae8 19.b4 Rxe2  0-1